000 00305nam a2200133Ia 4500
008 240624s9999 xx 000 0 und d
041 _aeng
082 _a823 CHA
100 _aCHAUHAN ANUJA
245 _aZOYA FACTOR
260 _c2010
_aNew Delhi
_bHarperCollins
300 _a509 : p.
365 _cRS
_b25
999 _c17271
_d17271